| 000 | 00707 a2200217 4500 | ||
|---|---|---|---|
| 003 | OSt | ||
| 005 | 20260129101913.0 | ||
| 008 | 120419t xxu||||| |||| 00| 0 eng d | ||
| 010 | _a82180689 | ||
| 020 | _a3775701583 : | ||
| 040 | _c0 | ||
| 082 | 0 | 0 | _a720.924 |
| 100 | 1 |
_aDiba, Kamran. _932611 |
|
| 245 | 1 | 0 |
_aBuildings and projects / _cKamran Diba. |
| 260 |
_aStuttgart-Bad Cannstatt, West Germany : _bHatje, _cc1981. |
||
| 300 |
_a243 p. : _bill. (some col.) ; _c27 cm. |
||
| 600 | 1 | 0 |
_aDiba, Kamran. _932611 |
| 650 | 0 |
_aArchitecture _zIran _xHistory _y20th century _xDesigns and plans. _932612 |
|
| 942 |
_aSADA _cBK _k720.924 DIB 1981 _2ddc |
||
| 999 |
_c352444 _d352444 |
||